[Event "Alesund Grand Prix A"]
[Site "Alesund"]
[Date "2018.04.06"]
[Round "2"]
[White "Unhjem, Bjorn Robert Lovoll"]
[Black "Fard, Adel Gharebagi"]
[Result "0-1"]
[WhiteElo "1706"]
[BlackElo "1928"]
[PlyCount "144"]
[EventDate "2018.04.06"]
[EventType "swiss (rapid)"]
[EventRounds "6"]
[EventCountry "NOR"]
[SourceTitle "EXT 2024"]
[Source "ChessBase"]
[SourceDate "2023.10.10"]
[SourceVersion "1"]
[SourceVersionDate "2023.10.10"]
[SourceQuality "1"]

1. e4 g6 2. Bc4 Bg7 3. Nc3 e6 4. Qe2 b6 5. f4 Bb7 6. Nf3 Nc6 7. d3 Na5 8. Bb3 Nxb3 9. axb3 a5 10. 0-0 Nh6 11. Be3 0-0 12. Bd4 Qe7 13. Bxg7 Kxg7 14. Rae1 Ba6 15. e5 Nf5 16. Ne4 Bb7 17. Nf6 Qc5+ 18. Kh1 Rad8 19. d4 Bxf3 20. Rxf3 Nxd4 21. Rh3 Rh8 22. Qf2 Nf5 23. Qxc5 bxc5 24. Ra1 d6 25. Rxa5 dxe5 26. g4 Rd1+ 27. Kg2 Kxf6 28. fxe5+ Kxe5 29. gxf5 Rd2+ 30. Kf3 Rxc2 31. fxg6 fxg6 32. b4 Rf8+ 33. Ke3 Rf7 34. Rxc5+ Rxc5 35. bxc5 Kd5 36. b4 e5 37. Rh4 h5 38. Rh3 Rf4 39. Rg3 Rg4 40. Rf3 Rxb4 41. Rf7 c6 42. Rf6 Rb3+ 43. Kf2 Rb2+ 44. Kg3 Kxc5 45. Rxg6 Rb4 46. Kf3 Rf4+ 47. Ke3 Rh4 48. Rg2 Kd5 49. Rd2+ Ke6 50. Rc2 Kf5 51. Kf3 e4+ 52. Kg3 Rg4+ 53. Kf2 Rg6 54. Rc5+ Kf4 55. Rxh5 e3+ 56. Ke2 Rg2+ 57. Ke1 Rc2 58. Rh8 c5 59. h4 Rh2 60. h5 Kf3 61. Rf8+ Ke4 62. Re8+ Kd3 63. Rd8+ Kc3 64. Re8 Kd3 65. Rd8+ Kc2 66. Rd5 c4 67. Re5 Kd3 68. Rd5+ Ke4 69. Rc5 Kd4 70. Rg5 c3 71. Rg8 c2 72. Rd8+ Ke5 0-1